Konzekvencie medzinárodnej expanzie čínskeho jűanu na konkurencieschopnosť EÚ diplomová práca
Uložené v:
| Hlavný autor: | |
|---|---|
| Korporativný autor: | |
| Ďalší autori: | |
| Médium: | Kniha |
| Jazyk: | Slovak |
| Vydavateľské údaje: |
Bratislava
2016
|
| Tagy: |
Žiadne tagy, Buďte prvý, kto otaguje tento záznam!
|
MARC
| LEADER | 00000nbm a2200000 4500 | ||
|---|---|---|---|
| 001 | 0216732 | ||
| 005 | 20161123143357.3 | ||
| 041 | 0 | |a slo | |
| 044 | |a SK | ||
| 245 | 1 | 0 | |a Konzekvencie medzinárodnej expanzie čínskeho jűanu na konkurencieschopnosť EÚ |b diplomová práca |c Juraj Bronček ; školiteľ: Peter Baláž |
| 264 | 1 | |a Bratislava |c 2016 | |
| 300 | |a 81 s. | ||
| 100 | 1 | |a Bronček, Juraj | |
| 700 | 1 | |a Baláž, Peter | |
| 710 | 2 | |a Obchodná fakulta EU. Katedra medzinárodného obchodu | |